Sports Quiz

Random Sports Quiz
Score 0/10 Timer 04:00
0 Plays Today
Years with Rangers Player % Correct
1989-1993Nolan Ryan
97.3%
1993-2004Rusty Greer
55%
1974-1975, 1978-1981Ferguson Jenkins
51.2%
1980-1990Charlie Hough
48.5%
1974-1983, 1988-1989Jim Sundberg
47.1%
1979-1984, 1985, 1989Buddy Bell
45.7%
1995-2001Johnny Oates
43%
1997-2000John Wetteland
30.2%
1982-1997Mark Holtz
12%
1975-1977Tom Vandergriff
11%

You're not logged in!

Compare scores with friends on all Sporcle quizzes.
OR
Log In

Sporcle TV

Today on Sporcle TV


Watch our educational content, quiz creation guides, and fun videos on Sporcle TV.

Show Comments

Extras

Top Quizzes Today


Score Distribution

Paid Content

Your Account Isn't Verified!

In order to create a playlist on Sporcle, you need to verify the email address you used during registration. Go to your Sporcle Settings to finish the process.

Report this User

Report this user for behavior that violates our Community Guidelines.

Details: